=LDR 00000nam 2200000 4500 =001 INLIS000000000027798 =005 20130612130138 =008 ***********************************ind** =035 ##$$0010-061300000027798 =041 ##$$a ind =082 ##$$a 330.1 =090 ##$$a 330.1, BOE e =100 ##$$a Boeke, J.H =245 ##$$a Ekonomi dualistis, Dialog antara Boeke dan Burger, J.H. Boeke, D.H. Burger =260 ##$$a 1973 $b Jakarta =300 ##$$a 93 hlm., 21 cm =650 ##$$a Ekonomi =700 ##$$a Burger, D.H =850 ##$$a NBPNMAT